Managerial economics / (Record no. 58904)

MARC details
000 -LEADER
fixed length control field 01027nam a22002897a 4500
005 - DATE AND TIME OF LATEST TRANSACTION
control field 20111202103658.0
008 - FIXED-LENGTH DATA ELEMENTS--GENERAL INFORMATION
fixed length control field 111202t xxu||||| |||| 00| 0 eng d
010 ## - LCCN (DPL NO)
LC control number ENG-104276
020 ## - INTERNATIONAL STANDARD BOOK NUMBER
International Standard Book Number 9780071078030
Terms of availability 350.00
020 ## - INTERNATIONAL STANDARD BOOK NUMBER
International Standard Book Number 0071078037
Terms of availability 350.00
035 ## - SYSTEM CONTROL NUMBER
System control number EN-87809
037 ## - SOURCE OF ACQUISITION
Source of stock number/acquisition DBAD/PUB
040 ## - CATALOGING SOURCE
Original cataloging agency DPL
Language of cataloging Eng
082 ## - DEWEY DECIMAL CLASSIFICATION NUMBER
Classification number 338.5024658
100 ## - MAIN ENTRY--PERSONAL NAME
9 (RLIN) 36352
Personal name Geetika
245 ## - TITLE STATEMENT
Title Managerial economics /
Statement of responsibility, etc by Geetika, Piyali Ghosh [and] Purba Roy Choudhury
250 ## - EDITION STATEMENT
Edition statement 2nd ed
260 ## - PUBLICATION, DISTRIBUTION, ETC. (IMPRINT)
Place of publication, distribution, etc New Delhi
Name of publisher, distributor, etc Tata McGraw Hill
Date of publication, distribution, etc 2011
270 ## - ADDRESS
Address 7 West Patel Nagar
City New Delhi
Postal code 110008
300 ## - PHYSICAL DESCRIPTION
Extent xxxii,632p.
Dimensions 24cm (pbk)
500 ## - GENERAL NOTE
General note Includes bibliographical references and index
650 ## - SUBJECT ADDED ENTRY--TOPICAL TERM
9 (RLIN) 36353
700 ## - ADDED ENTRY--PERSONAL NAME
Personal name Ghosh, Piyali
9 (RLIN) 36394
700 ## - ADDED ENTRY--PERSONAL NAME
Personal name Choudhury, Purba Roy
9 (RLIN) 36433
942 ## - ADDED ENTRY ELEMENTS (KOHA)
Source of classification or shelving scheme Dewey Decimal Classification
Item type English Books
Call number suffix GEE
Classification part 338.5024658
Holdings
Withdrawn status Lost status Source of classification or shelving scheme Damaged status Not for loan Collection code Home library Current library Date acquired Source of acquisition Cost, normal purchase price Total Checkouts Full call number Barcode Date last seen Copy number Cost, replacement price Koha item type
    Dewey Decimal Classification   Not For Loan Non-fiction D.B.Act.Division D.B.Act.Division 02/12/2011 DBAD/PUB 350.00   338.5024658 GEE EN-87809 02/12/2011 1 350.00 English Books

© Delhi Public Library
Hit Counter
free hit counter